000 00934nam a22003017a 4500
001 BR4400011
003 BR-BrBNA
005 20230928082922.0
007 ta
008 230509b bl.||||| |||| 00| 0 por d
040 _aBR-BrBNA
_bpor
_cBiblioteca Nacional de Agricultura
041 _a(Por)
072 _aP00
_b/G514
090 _ P00 BR4400011
110 1 _aConselho Nacional de Geografia, Rio de Janeiro, GB (Brasil)
_92686
245 1 _aAmazonia brasileira [solo, agua; animal, floresta]
_bExcerptos da Revista Brasileira de Geografia
260 3 _aRio de Janeiro, GB (Brasil):
_c1944.
300 _a479 p.
500 _a219 illus.; 16 graphs; 37 tables; Bibliography p. 433-479; 23 maps, scale 1:3.500000 to 1:1.000000
650 _aRECURSO NATURAL
650 _aSOLO
650 _aAGUA
650 _aANIMAL
650 _aFLORESTA
650 _aAMAZONIA
909 _a202309
_bLucia
_c55
_dLucia Elande
942 _cBK
999 _c10617
_d10617